000 00474nam a2200181Ia 4500
001 16637
005 20260306170324.0
008 260306t2012||||xx |||||||||||||| ||und||
041 _aESP
082 _a348.8J
_bT869
100 _aToyama Miyagusuku, Jorge
_eAUT
245 0 _aLa jurisprudencia administrativa laboral en la inspección del trabajo
260 _c2012
300 _a526 páginas :
_c24 cm.
650 _aGEN
654 _aCDE
942 _cLIB
_dJUS
_fJUS
_2ddc
_n
999 _c16637
_d16637